000 00550nam a2200193 i 4500
001 61546
003 ES-MaACL
005 20230906164500.0
007 t|
008 031112s1908 fr ||||1| fre d
245 0 0 _aExcercises d'arithmétique /
_cpar F.G.M.
260 _aTours :
_bAlfred Mame et fils,
_c1908.
300 _aXII, 384 p. ;
_c21 cm.
490 1 _aCours de mathématiques elémentaires
700 1 _aF. G. M.
_948484
830 0 _aCours de mathématiques elémentaires
_9182800
852 _aES-MaACL
_jF-4014
999 _c61546
_d61546